Normal view MARC view

Entry Nombre personal

Number of records used in: 3

001 - NÚMERO DE CONTROL

  • campo de control: 242361

003 - IDENTIFICADOR DE NÚMERO DE CONTROL

  • campo de control: SpMaBN

005 - FECHA Y HORA DE LA ÚLTIMA TRANSACCIÓN

  • campo de control: 20251016142513.0

008 - ELEMENTOS DE DATO DE LONGITUD-FIJA

  • campo de control de longitud fija: 901120n| aijnnaabn n aaa

016 ## - NÚMERO DE CONTROL DE UNA AGENCIA BIBLIOGRÁFICA NACIONAL

  • Número de control del registro: BNE19900223894

024 7# - IDENTIFICADOR DE OTROS ESTÁNDARES

  • Número estándar o código: http://viaf.org/viaf/71398958/
  • Fuente: viaf

024 7# - IDENTIFICADOR DE OTROS ESTÁNDARES

  • Número estándar o código: https://isni.org/isni/0000000121386537
  • Fuente: isni

024 7# - IDENTIFICADOR DE OTROS ESTÁNDARES

  • Número estándar o código: http://www.wikidata.org/entity/Q49074
  • Fuente: wikidata

040 ## - FUENTE DE CATALOGACIÓN

  • Centro catalogador/agencia de origen: SpMaBN
  • Lengua de catalogación: spa
  • Centro/agencia transcriptor: SpMaBN
  • Normas de descripción: rdc
  • Convención/Normas de encabezamiento de materia/tesauro: embne

046 ## - FECHAS CON CODIFICACIÓN ESPECIAL

  • Fecha de nacimiento: 1922
  • Fecha de la muerte: 2007

100 1# - ENCABEZAMIENTO-NOMBRE DE PERSONA

  • Nombre de persona: Vonnegut, Kurt,
  • Fechas asociadas al nombre: 1922-2007

370 ## - LUGAR ASOCIADO

  • Lugar de nacimiento: Estados Unidos, Indiana, Marion (Condado), Indianapolis

370 ## - LUGAR ASOCIADO

  • Lugar de fallecimiento: Estados Unidos, Nueva York (Estado), Nueva York

372 ## - CAMPO DE ACTIVIDAD

  • Campo de actividad: Sátira

373 ## - GRUPO ASOCIADO

  • Grupo asociado: Academia Estadounidense de las Artes y las Ciencias
  • Grupo asociado: Academia Estadounidense de las Artes y las Letras
  • Grupo asociado: Ateísmo

374 ## - OCUPACIÓN

  • Ocupación: Escritores
  • Ocupación: Periodistas
  • Ocupación: Ensayistas
  • Ocupación: Novelistas
  • Ocupación: Guionistas
  • Ocupación: Dramaturgos

375 ## - GÉNERO/SEXO

  • Género: Masculino

377 ## - IDIOMA ASOCIADO

  • Término de lengua/lenguaje: Inglés

670 ## - FUENTE DE DATOS ENCONTRADOS

  • Cita de la fuente: Esmorzar de campions, 1989

670 ## - FUENTE DE DATOS ENCONTRADOS

  • Cita de la fuente: Dic. de escritores célebres, 1995
  • Información encontrada: (Vonnegut, Kurt; escritor estadounidense (Indianápolis, Indiana, 1922))

670 ## - FUENTE DE DATOS ENCONTRADOS

  • Cita de la fuente: WWW LC auth. file, 22-1-2001
  • Información encontrada: (Vonnegut, Kurt; n. 1922)

670 ## - FUENTE DE DATOS ENCONTRADOS

  • Cita de la fuente: WWW El Mundo, 13-4-2007
  • Información encontrada: (Kurt Vonnegut; m. 11-4-2007, Nueva York)